LEADER 01001nam a2200253 i 4500 001 000000152350 003 CaOOAMICUS 005 20060804000000.0 008 060804s1975 it u000 u ita u 013 $a129691 040 $aSeMil$bita 100 1 $aMontano, Rocco$b<1913-1999 >.$0(OLS)http://semarc/name/15189 245 10$aComprendere Manzoni /$cRocco Montano. 260 $aNapoli :$bG. B. Vico Editrice,$ccopyr. 1975. 300 $a447 p. ;$c21 cm. 490 0 $aNuova critica : collana di testi scolastici e di opere di ricerca ;$v3 500 $aContiene : Bibliografia essenziale. - Fondo Ciprandi. 830 0$aNuova critica ;$v3.$0(OLS)http://semarc/title/17728 850 $aSeMil 852 $aSeMil$W1$xVenegono$y1$m1D IV 172$j104309$B104309$CSeMilBibl$Z2$F113368 $81 941 1 $a1 961 $aOmaggio: Ciprandi dott. Paolo 996 $6245$aComprendere Manzoni$9(OLS)http://semarc/title/222751 996 $6260$aNapoli :$bG. B. Vico Editrice$9(OLS)http://semarc/publisher/31754 LEADER 00703naa a2200145 i 4500 001 000000302718 003 CaOOAMICUS 005 20180831172746.0 008 180831n xx u000 u und u 013 $a10452 040 $aSeMil$bita 100 1 $aMilani, Francesco.$0(OLS)http://semarc/name/66503 245 13$aLe istituzioni assistenziali di Reggio Emilia. 773 0 $aCentro studi e ricerche sulla antica provincia ecclesiastica ravennate$tAtti del convegno di Reggio Emilia.$dCesena : Badia di Santa Maria del Monte, 1984.$kRavennatensia / Centro studi e ricerche sulla antica provincia ecclesiastica ravennate$w()36481 996 $6245$aLe istituzioni assistenziali di Reggio Emilia$9(OLS)http://semarc/title/378686